[Event "Olympiad-42"]
[Site "Baku"]
[Date "2016.09.11"]
[Round "9.4"]
[White "Matsebula, Qiniso"]
[Black "Jacopucci, Enrique"]
[Result "0-1"]
[WhiteElo "1301"]
[BlackElo "1676"]
[PlyCount "70"]
[EventDate "2016.09.02"]
[EventType "team-swiss"]
[EventRounds "11"]
[EventCountry "AZE"]
[SourceTitle "CBM 175"]
[Source "ChessBase"]
[SourceDate "2016.11.10"]
[SourceVersion "1"]
[SourceVersionDate "2016.11.10"]
[SourceQuality "1"]
[WhiteTeam "Swaziland"]
[BlackTeam "Aruba"]
[WhiteTeamCountry "SWA"]
[BlackTeamCountry "ARN"]

1. e4 c5 2. Bc4 Nc6 3. d4 cxd4 4. Nf3 d6 5. 0-0 Bg4 6. Bxf7+ Kd7 7. Nbd2 e6 8. h3 Nh6 9. Bxe6+ Bxe6 10. c3 Qf6 11. cxd4 Nxd4 12. Re1 Nf7 13. Qa4+ Nc6 14. Nc4 Be7 15. Bd2 h6 16. Rad1 Bxh3 17. gxh3 Qxf3 18. Re3 Qf6 19. e5 Qg6+ 20. Rg3 Qh7 21. exd6 Bf6 22. Bf4 g5 23. Be3 Bd8 24. b4 b5 25. Qxb5 Rb8 26. Qa6 Rxb4 27. Bxa7 Qc2 28. Nb6+ Rxb6 29. Bxb6 Qxd1+ 30. Kg2 Qd5+ 31. Kh2 Bxb6 32. Rd3 Qe5+ 33. Kg2 Rb8 34. Rb3 Qd5+ 35. Rf3 Nfe5 0-1